<?xml version="1.0" encoding="UTF-8"?>
<record
    xmlns:xsi="http://www.w3.org/2001/XMLSchema-instance"
    xsi:schemaLocation="http://www.loc.gov/MARC21/slim http://www.loc.gov/standards/marcxml/schema/MARC21slim.xsd"
    xmlns="http://www.loc.gov/MARC21/slim">

  <leader>01594nam a22002297a 4500</leader>
  <controlfield tag="003">DO-SdBJH</controlfield>
  <controlfield tag="005">20240904133714.0</controlfield>
  <controlfield tag="008">240904b        |||||||| |||| 00| 0 spa d</controlfield>
  <datafield tag="040" ind1=" " ind2=" ">
    <subfield code="a">DO-SdBJH</subfield>
    <subfield code="b">spa</subfield>
    <subfield code="c">DO-SdBJH</subfield>
  </datafield>
  <datafield tag="090" ind1=" " ind2=" ">
    <subfield code="a">TG EGDDHHyDIH</subfield>
    <subfield code="b">02126 2022</subfield>
  </datafield>
  <datafield tag="100" ind1="1" ind2=" ">
    <subfield code="a">Encarnaci&#xF3;n Mart&#xED;nez, Mar&#xED;a Yarlenny</subfield>
    <subfield code="e">sustentante</subfield>
  </datafield>
  <datafield tag="245" ind1="1" ind2="0">
    <subfield code="a">Impacto de las medidas adoptadas por COVID-19 a los Derechos Humanos de los trabajadores informales de Santo Domingo Oeste, Rep&#xFA;blica Dominicana, a&#xF1;o 2020 / </subfield>
    <subfield code="c">Mar&#xED;a Yarlenny Encarnaci&#xF3;n Mart&#xED;nez, asesores Wendy Alm&#xE1;nzar, Johany Acevedo Cabrera</subfield>
  </datafield>
  <datafield tag="260" ind1=" " ind2=" ">
    <subfield code="a">Santo Domingo :</subfield>
    <subfield code="b">INSUDE, </subfield>
    <subfield code="c">2022</subfield>
  </datafield>
  <datafield tag="300" ind1=" " ind2=" ">
    <subfield code="a">xiv, 69 p&#xE1;ginas</subfield>
  </datafield>
  <datafield tag="502" ind1=" " ind2=" ">
    <subfield code="a">Tesis (Especialidad en Derechos Humanos y Derecho Internacional Humanitario) -- Instituto Superior para la Defensa (INSUDE).  -- Escuela de Graduados en Derechos Humanos y Derecho Internacional Humanitario, 2022</subfield>
  </datafield>
  <datafield tag="504" ind1=" " ind2=" ">
    <subfield code="a">Incluye referencias bibliogr&#xE1;ficas e &#xED;ndices</subfield>
  </datafield>
  <datafield tag="505" ind1=" " ind2=" ">
    <subfield code="a">Medidas sanitarias y econ&#xF3;mica adoptadas por el gobierno de Rep&#xFA;blica Dominicana para hacer frente a la Pandemia del COVID-19. -- Derechos Humanos que pueden ser limitados frente a una declaratoria de estado de emergencia. -- C&#xF3;mo fueron afectados los Derechos Humanos en los trabajadores informarles de producto de las medidas por Pandemia COVID-19 adoptadas en el a&#xF1;o 2020</subfield>
  </datafield>
  <datafield tag="700" ind1="1" ind2=" ">
    <subfield code="a"> Alm&#xE1;nzar, Wendy</subfield>
    <subfield code="e">asesor</subfield>
  </datafield>
  <datafield tag="700" ind1="1" ind2=" ">
    <subfield code="a"> Acevedo Cabrera, Johany</subfield>
    <subfield code="e">asesor</subfield>
  </datafield>
  <datafield tag="830" ind1=" " ind2=" ">
    <subfield code="a">INSUDE.  Escuela de Graduados en Derechos Humanos y Derecho Internacional Humanitario.  Tesis y disertaciones acad&#xE9;micas</subfield>
  </datafield>
  <datafield tag="942" ind1=" " ind2=" ">
    <subfield code="2">CL</subfield>
    <subfield code="c">T</subfield>
  </datafield>
  <datafield tag="999" ind1=" " ind2=" ">
    <subfield code="c">7849</subfield>
    <subfield code="d">7849</subfield>
  </datafield>
  <datafield tag="952" ind1=" " ind2=" ">
    <subfield code="0">0</subfield>
    <subfield code="1">0</subfield>
    <subfield code="2">CL</subfield>
    <subfield code="4">0</subfield>
    <subfield code="7">0</subfield>
    <subfield code="8">CG</subfield>
    <subfield code="a">BJHA</subfield>
    <subfield code="b">BJHA</subfield>
    <subfield code="d">2024-09-04</subfield>
    <subfield code="i">22-02126</subfield>
    <subfield code="l">0</subfield>
    <subfield code="o">TG EGDDHHyDIH 02126 2022</subfield>
    <subfield code="p">22-02126</subfield>
    <subfield code="r">2024-09-04 13:37:43</subfield>
    <subfield code="t">e.1</subfield>
    <subfield code="w">2024-09-04</subfield>
    <subfield code="y">T</subfield>
  </datafield>
</record>
